000 00362pab a2200157 454500
008 180718b2014 xxu||||| |||| 00| 0 eng d
100 _aMagesh, B.
245 _aScientific tool of investigation - Fingerprints
260 _c2014
300 _ap.40-44.
362 _aJul-Sep
650 _aCrime
773 _aCBI Bulletin
908 _aN
909 _a106994
999 _c106989
_d106989